000 00423nam a2200181Ia 4500
005 20240823035910.0
008 240823s9999||||xx |||||||||||||| ||und||
041 _aENGLISH
082 _A621.1 N9
100 _aPandian K
245 0 _aGas Dynamics and Jet Propulsion
250 _a1st
260 _c1999
_bARS Publica
500 _aTRANSFERED
650 _aGas Dynamics
_bMechanical
942 _cBK
999 _c201794
_d201794